00413nam a2200157Ia 4500008004100000082001000041100002100051245003000072250000600102260003700108300000800145600002100153630003000174700002100204730003000225090124s9999 xx 000 0 und d b39134 aKUMARI M. LAXIMI aDIMENSIONS OF CONVERSION  a0 bVIVEKANANDA KENDRA PATRIKAc1995 a216 aKUMARI M. LAXIMI aDIMENSIONS OF CONVERSION  aKUMARI M. LAXIMI aDIMENSIONS OF CONVERSION